[Event "Moscow Open A 2016"]
[Site "Moscow RUS"]
[Date "2016.02.03"]
[Round "5.64"]
[White "Romanov, Stanislav"]
[Black "Rozhkov, Viacheslav"]
[Result "0-1"]
[BlackTitle "FM"]
[WhiteElo "2121"]
[BlackElo "2339"]
[WhiteFideId "4116895"]
[BlackFideId "4181484"]
[EventDate "2016.01.30"]

1. e4 g6 2. d4 Bg7 3. Nc3 c5 4. d5 d6 5. Bb5+ Bd7 6. Bxd7+ Nxd7 7. Nge2 Ngf6 8.
O-O b5 9. Nxb5 Nxe4 10. Qd3 a6 11. Na3 Nef6 12. Nc4 O-O 13. Bd2 Ne5 14. Nxe5
dxe5 15. c4 Ne8 16. Be3 Qc7 17. Qa3 Rc8 18. Qxa6 Nd6 19. Qa4 f5 20. f3 f4 21.
Bd2 Rb8 22. Qc2 Nf5 23. b3 g5 24. Nc3 e4 25. Nxe4 Bxa1 26. Rxa1 Nd4 27. Qd3 g4
28. Bc3 e5 29. Bxd4 exd4 30. fxg4 Rbe8 31. g5 Qe5 32. Re1 Kh8 33. Re2 f3 34.
gxf3 Qf4 35. Kg2 Rf5 36. d6 Rxg5+ 37. Nxg5 Qxg5+ 38. Kf2 Rg8 39. f4 Qg1+ 40. Kf3
Qh1+ 41. Kf2 Rg2+ 42. Kf3 Rg1+ 0-1

[Event "Moscow Open A 2016"]
[Site "Moscow RUS"]
[Date "2016.02.03"]
[Round "5.65"]
[White "Sargsyan, Shant"]
[Black "Zherebtsova, Alexandra"]
[Result "1-0"]
[WhiteTitle "CM"]
[BlackTitle "WFM"]
[WhiteElo "2336"]
[BlackElo "2130"]
[WhiteFideId "13306766"]
[BlackFideId "24129518"]
[EventDate "2016.01.30"]

1. d4 Nf6 2. c4 e5 3. dxe5 Ng4 4. Bf4 g5 5. Bd2 Nxe5 6. Bc3 Bg7 7. e3 Qe7 8. Nf3
Nbc6 9. Be2 d6 10. O-O Bd7 11. Nbd2 O-O-O 12. Rc1 g4 13. Nxe5 Nxe5 14. b4 Rdg8
15. b5 Kd8 16. Qa4 Nf3+ 17. Nxf3 gxf3 18. Bxf3 Bxc3 19. Qxa7 Qf6 20. Bxb7 Rg5
21. Qb8+ Ke7 22. Qxc7 Rhg8 23. g3 Rd8 24. Rfd1 Bb4 25. a4 h5 26. Rd4 Kf8 27. Rf4
Qe7 28. Re4 Qf6 29. Rf4 Qe7 30. Bf3 Rc5 31. Qb7 Qe8 32. Bd5 Be6 33. Bxe6 Qxe6
34. Kg2 Rdc8 35. Re4 R5c7 36. Rxe6 Rxb7 37. Rh6 Kg7 38. Rxh5 Rbc7 39. Rd5 Rxc4
40. Rxc4 Rxc4 41. b6 Bc5 42. a5 Rb4 43. Rd2 Re4 44. Rb2 Re8 45. a6 Kf6 46. a7
Ke7 47. Ra2 Ra8 48. b7 Rxa7 49. Rb2 1-0

[Event "Moscow Open A 2016"]
[Site "Moscow RUS"]
[Date "2016.02.03"]
[Round "5.66"]
[White "Afanasiev, Nikita"]
[Black "Lagashin, Pavel"]
[Result "1-0"]
[WhiteTitle "FM"]
[WhiteElo "2335"]
[BlackElo "2139"]
[WhiteFideId "24183555"]
[BlackFideId "24132144"]
[EventDate "2016.01.30"]

1. e4 c5 2. d3 Nc6 3. g3 d5 4. Nd2 Nf6 5. h3 e5 6. Bg2 Be6 7. Ngf3 h6 8. O-O
dxe4 9. dxe4 Qd7 10. Kh2 Be7 11. c3 O-O 12. Qe2 Qc7 13. Nh4 Rfe8 14. Nc4 Nh7 15.
Nf3 Rad8 16. Ne3 c4 17. Nd5 Rxd5 18. exd5 Bxd5 19. Rd1 Be6 20. Nd2 Bc5 21. Nxc4
Bxf2 22. Nd6 Bxg3+ 23. Kxg3 e4 24. Kh2 f5 25. Kh1 Rf8 26. Bf4 Nf6 27. Bh2 Qe7
28. Rf1 Nd7 29. Qh5 Nde5 30. Nxe4 fxe4 31. Rxf8+ Kxf8 32. Bxe5 Bf7 33. Qf5 Nxe5
34. Qxe4 Qg5 35. Rf1 Kg8 36. Qf4 Qh5 37. b3 Be6 38. Qg3 Ng6 39. Qf3 Qe5 40. Qe4
Qxe4 41. Bxe4 Bxh3 42. Rf2 Ne5 43. Bxb7 g5 44. Re2 Ng6 45. Kh2 Kg7 46. c4 Bg4
47. Rd2 Ne5 48. Rd6 h5 49. c5 h4 50. Be4 Kf7 51. c6 Ke7 52. Rd5 Nf7 53. Bg6 Nh6
54. Rxg5 Kf6 55. Rxg4 Nxg4+ 56. Kh3 Nf2+ 57. Kg2 1-0

[Event "Moscow Open A 2016"]
[Site "Moscow RUS"]
[Date "2016.02.03"]
[Round "5.67"]
[White "Maximov, Oleg"]
[Black "Nesterov, Arseniy"]
[Result "0-1"]
[WhiteElo "2333"]
[BlackElo "2049"]
[WhiteFideId "4176960"]
[BlackFideId "24198455"]
[EventDate "2016.01.30"]

1. e4 e6 2. Nf3 d5 3. Nc3 Nf6 4. e5 Nfd7 5. d4 c5 6. dxc5 Nc6 7. Bf4 Nxc5 8. Bd3
Nxd3+ 9. cxd3 Be7 10. h4 f6 11. h5 O-O 12. Bg3 fxe5 13. h6 g6 14. Nxe5 Nxe5 15.
Bxe5 d4 16. Bg7 dxc3 17. Bxf8 Bxf8 18. bxc3 Qf6 19. d4 Bd7 20. Qe2 Rc8 21. Rh3
Bc6 22. Kf1 Bd5 23. Qe3 Bd6 0-1

[Event "Moscow Open A 2016"]
[Site "Moscow RUS"]
[Date "2016.02.03"]
[Round "5.68"]
[White "Skatchkov, Valery"]
[Black "Makhmutov, Rail"]
[Result "0-1"]
[BlackTitle "FM"]
[WhiteElo "2068"]
[BlackElo "2459"]
[WhiteFideId "24195812"]
[BlackFideId "4122151"]
[EventDate "2016.01.30"]

1. Nf3 d5 2. d4 Nf6 3. g3 e6 4. c4 dxc4 5. Bg2 Bb4+ 6. Bd2 a5 7. Qc2 Bxd2+ 8.
Nbxd2 b5 9. O-O a4 10. Rad1 Bb7 11. a3 O-O 12. e4 Nbd7 13. Rfe1 Qe7 14. Nb1 Rab8
15. Nc3 Ba8 16. Nh4 c6 17. f4 g6 18. f5 e5 19. Nf3 exd4 20. e5 dxc3 21. bxc3 Nd5
22. e6 N7f6 23. exf7+ Qxf7 24. Ng5 Qa7+ 25. Rd4 gxf5 26. Qxf5 Nxc3 27. Ne6 Rbd8
28. Qg5+ Kh8 29. Qe3 Rxd4 30. Nxf8 Nd1 31. Ng6+ Kg7 32. Qe7+ Qxe7 33. Nxe7 Rd2
34. Nf5+ Kg6 35. Bh3 Nf2 36. Nh4+ Kg7 37. Nf5+ Kf8 0-1

[Event "Moscow Open A 2016"]
[Site "Moscow RUS"]
[Date "2016.02.03"]
[Round "5.69"]
[White "Kazakovskiy, Valeriy"]
[Black "Schekachikhin, Maksim"]
[Result "0-1"]
[WhiteTitle "IM"]
[BlackTitle "FM"]
[WhiteElo "2387"]
[BlackElo "2285"]
[WhiteFideId "13507443"]
[BlackFideId "24177830"]
[EventDate "2016.01.30"]

1. Nf3 Nf6 2. c4 c5 3. g3 b6 4. Bg2 Bb7 5. O-O e6 6. Nc3 d6 7. Re1 Be7 8. e4 a6
9. d4 cxd4 10. Nxd4 Qc7 11. Be3 Nbd7 12. Rc1 Rc8 13. f4 Qb8 14. Nd5 exd5 15.
exd5 Kf8 16. Nc6 Bxc6 17. dxc6 Nc5 18. b4 Ne6 19. f5 Nc7 20. Qd4 Nfe8 21. a4 Bf6
22. Qxb6 Qxb6 23. Bxb6 Rb8 24. a5 g6 25. Red1 Kg7 26. c5 dxc5 27. bxc5 Nb5 28.
Rd7 Rc8 29. Bd5 Rf8 30. Kg2 Bg5 31. Re1 Nf6 32. h4 Bd2 33. Rd1 Nxd5 34. Rxd5 Bc3
35. c7 Nxc7 36. Rd7 Nb5 37. fxg6 hxg6 38. g4 Rc6 39. Kf3 Re8 40. g5 Rce6 41.
R1d3 Be1 42. Bd8 Kf8 43. Bf6 Bxa5 44. h5 gxh5 45. Kf4 Bc7+ 46. Kf5 Re4 47. Rf3
Rc4 48. Rd5 Ree4 0-1

[Event "Moscow Open A 2016"]
[Site "Moscow RUS"]
[Date "2016.02.03"]
[Round "5.70"]
[White "Musaev, Rasul"]
[Black "Klepikov, Nikita"]
[Result "1-0"]
[WhiteTitle "FM"]
[WhiteElo "2379"]
[BlackElo "2273"]
[WhiteFideId "24146870"]
[BlackFideId "24145220"]
[EventDate "2016.01.30"]

1. e4 d5 2. exd5 Nf6 3. d4 Bg4 4. Be2 Bxe2 5. Qxe2 Qxd5 6. Nf3 e6 7. O-O Nc6 8.
Rd1 O-O-O 9. c4 Qf5 10. Be3 h5 11. a3 g5 12. Nc3 h4 13. d5 exd5 14. cxd5 Nxd5
15. Nxd5 Rxd5 16. Bxg5 Bd6 17. Bxh4 Rc5 18. Bg3 Bxg3 19. fxg3 Rc2 20. Rd2 Qc5+
21. Qf2 Rc1+ 22. Rxc1 Qxc1+ 23. Qe1 Qc5+ 24. Kh1 b6 25. h4 Kb7 26. Qe4 Rh6 27.
Rc2 Qd6 28. Kh2 Rg6 29. Qf4 Qe6 30. Ng5 Qb3 31. Rd2 f6 32. Nf3 Qe6 33. Rc2 Qd5
34. Re2 Qd7 35. h5 Rg4 36. Qxf6 Qh7 37. Kg1 Qxh5 38. Rc2 Rg6 39. Qf4 Rd6 40. Qe4
Qb5 41. g4 Rd1+ 42. Kh2 Rd6 43. g5 a5 44. Kh3 a4 45. Rc4 Rd7 46. Ne5 Rd5 47.
Nxc6 Rxg5 48. Na5+ Kc8 49. Qb7+ 1-0

[Event "Moscow Open A 2016"]
[Site "Moscow RUS"]
[Date "2016.02.03"]
[Round "5.71"]
[White "Golubev, Roman"]
[Black "Giannoulakis, Labros"]
[Result "1/2-1/2"]
[WhiteTitle "FM"]
[WhiteElo "2365"]
[BlackElo "2272"]
[WhiteFideId "14202344"]
[BlackFideId "4247019"]
[EventDate "2016.01.30"]

1. e4 c5 2. Nf3 d6 3. d4 cxd4 4. Nxd4 Nf6 5. Nc3 a6 6. Be2 e5 7. Nb3 Be6 8. f4
Be7 9. f5 Bd7 10. Be3 O-O 11. Qd2 Bc6 12. Bf3 b5 13. a3 a5 14. g4 h6 15. h4 b4
16. Nd5 Bxd5 17. exd5 Nbd7 18. g5 a4 19. Nc1 e4 20. Be2 Ra5 21. gxf6 Nxf6 22.
axb4 Rxd5 23. Bd4 Rxf5 24. c4 Nd7 25. Rxa4 Bxh4+ 26. Kd1 Bg5 27. Qc3 Ne5 28. Kc2
Re8 29. Kb1 Nf3 30. Rd1 h5 31. Ra5 Nxd4 32. Qxd4 Rxa5 33. bxa5 Qxa5 34. Qd5 Qxd5
35. Rxd5 Bf4 36. Bxh5 g6 37. Be2 f5 38. b4 Be5 39. Nb3 f4 40. Nd2 Bc3 41. b5
Bxd2 42. Rxd2 f3 43. Kc2 fxe2 44. Rxe2 Kf7 45. Kc3 Re7 46. Kb4 Ke8 47. Re3 Kd7
48. Ka5 Kc7 49. Ka6 g5 50. Ka7 d5 51. cxd5 Kd6+ 52. Ka6 Kxd5 53. Rg3 Rg7 54. b6
Ke5 55. b7 Rxb7 56. Kxb7 Kf4 57. Rg1 e3 58. Kc6 e2 59. Kd5 Kf3 60. Kd4 Kf2 61.
Ra1 g4 62. Kd3 1/2-1/2

[Event "Moscow Open A 2016"]
[Site "Moscow RUS"]
[Date "2016.02.03"]
[Round "5.72"]
[White "Samdanov, Samdan"]
[Black "Vdovin, Vadim"]
[Result "0-1"]
[WhiteTitle "FM"]
[BlackTitle "FM"]
[WhiteElo "2250"]
[BlackElo "2361"]
[WhiteFideId "4188101"]
[BlackFideId "24107158"]
[EventDate "2016.01.30"]

1. d4 Nf6 2. g3 g6 3. Bg2 Bg7 4. e4 d6 5. Ne2 O-O 6. O-O e5 7. Nbc3 c6 8. h3
Nbd7 9. Be3 Re8 10. a4 a5 11. f4 exf4 12. gxf4 Nxe4 13. Nxe4 d5 14. f5 dxe4 15.
Ng3 Nb6 16. Kh1 Nc4 17. Bf4 Qxd4 18. Qe2 Bxf5 19. Rad1 Qc5 20. Nxf5 gxf5 21. b3
Ne5 22. Be3 Qe7 23. Rxf5 Qe6 24. Qh5 Rad8 25. Re1 Qg6 26. Bb6 Qxh5 27. Rxh5 Nf3
28. Bxf3 exf3 29. Rg1 f2 30. Bxf2 Rd2 31. Be1 Rd1 32. Bxa5 Rxg1+ 33. Kxg1 Re2
34. Bb6 Rxc2 35. Ra5 Bf6 36. b4 Rb2 37. Bc5 Kg7 38. Ra8 b6 39. Bf8+ Kg6 40. Kf1
Bd4 41. Rc8 Rf2+ 42. Ke1 Ra2 43. Rxc6+ Kf5 44. Rc4 Be3 45. b5 Ke5 46. Rc6 f5 47.
Bd6+ Ke4 48. Bc7 f4 49. Re6+ Kd3 50. Rd6+ Bd4 51. Kf1 f3 52. Rxd4+ Kxd4 53.
Bxb6+ Kc4 54. Be3 Kd5 55. b6 Rxa4 56. h4 Rxh4 0-1

[Event "Moscow Open A 2016"]
[Site "Moscow RUS"]
[Date "2016.02.03"]
[Round "5.73"]
[White "Tarasov, Oleg"]
[Black "Drygalov, Andrey"]
[Result "0-1"]
[WhiteElo "2219"]
[BlackElo "2352"]
[WhiteFideId "4162870"]
[BlackFideId "24171735"]
[EventDate "2016.01.30"]

1. e4 c5 2. c3 Nf6 3. e5 Nd5 4. d4 cxd4 5. cxd4 d6 6. Nf3 e6 7. Bc4 Nc6 8. O-O
Be7 9. Qe2 O-O 10. Qe4 Qc7 11. Bd3 f5 12. exf6 Nxf6 13. Qe2 Nb4 14. Bc4 d5 15.
Bb3 Nc6 16. Nc3 a6 17. Rd1 Bd6 18. Bg5 Bd7 19. Rac1 Rae8 20. Qd3 Qb8 21. a3 Re7
22. Bh4 Be8 23. Bg3 Bh5 24. Qe3 Ng4 25. Qe1 Nh6 26. Rd3 Nf5 27. Bxd6 Qxd6 28.
Ne2 Bxf3 29. Rxf3 Ncxd4 30. Nxd4 Nxd4 31. Rxf8+ Kxf8 32. Qe3 Nf5 33. Qf3 Ke8 34.
g4 Nd4 35. Rc8+ Kd7 36. Qf8 Nc6 37. Ba4 b5 38. Bc2 g6 39. Bd3 Qc5 40. Ra8 Qd4
41. Qc8+ Kd6 42. Be2 Rf7 0-1

[Event "Moscow Open A 2016"]
[Site "Moscow RUS"]
[Date "2016.02.03"]
[Round "5.74"]
[White "Chos, Alexey"]
[Black "Bykov, Oleg"]
[Result "0-1"]
[WhiteTitle "IM"]
[WhiteElo "2348"]
[BlackElo "2227"]
[WhiteFideId "14117762"]
[BlackFideId "24198978"]
[EventDate "2016.01.30"]

1. Nf3 Nf6 2. g3 d5 3. Bg2 c5 4. O-O Nc6 5. d3 e5 6. Nbd2 Be7 7. e4 d4 8. Nc4
Qc7 9. a4 O-O 10. b3 Ne8 11. Ba3 Be6 12. Nfd2 a6 13. f4 exf4 14. gxf4 b5 15. f5
Bd7 16. e5 bxc4 17. Nxc4 Rc8 18. Qe2 Nd8 19. Rf3 Bc6 20. Rh3 Bxg2 21. Qxg2 f6
22. e6 Nd6 23. Qg4 Nxc4 24. dxc4 Qe5 25. Rf1 Nxe6 26. fxe6 Rc6 27. Bc1 Rxe6 28.
Rh5 Qe4 29. Qh3 f5 30. Qf3 g6 31. Rh3 Qxc2 32. Bh6 Rd8 33. Rg3 Kh8 34. Rg2 Qe4
35. Qg3 Bf6 36. Qc7 Qc6 37. Qa7 Ra8 38. Qf7 Qe8 39. Qc7 Rc8 40. Qb7 Rec6 41.
Rxf5 R8c7 42. Qxc7 Qe1+ 43. Rf1 Qxf1+ 44. Kxf1 Rxc7 45. Ke2 Kg8 46. Rf2 Bg7 47.
Bd2 Rf7 48. Rg2 Be5 49. Bh6 Rf5 50. h4 Kf7 51. Bd2 Ke6 52. b4 cxb4 53. Bxb4 Rf4
54. h5 gxh5 55. Rg5 Re4+ 56. Kf2 h4 57. Rh5 d3 58. Rh6+ Kf5 59. Rxa6 Rxc4 60.
Bd6 d2 61. Ke2 Rd4 62. Kd1 Bxd6 63. Ra7 Bb4 64. Rf7+ Kg6 65. Rb7 Rc4 0-1

[Event "Moscow Open A 2016"]
[Site "Moscow RUS"]
[Date "2016.02.03"]
[Round "5.75"]
[White "Mkrtchyan, Sargis R."]
[Black "Belenkaya, Dina"]
[Result "1-0"]
[BlackTitle "WFM"]
[WhiteElo "2214"]
[BlackElo "2343"]
[WhiteFideId "13307878"]
[BlackFideId "24142654"]
[EventDate "2016.01.30"]

1. d4 d5 2. Nf3 Nf6 3. c4 dxc4 4. e3 e6 5. Bxc4 a6 6. O-O c5 7. Bb3 Be7 8. Nc3
O-O 9. e4 Nc6 10. e5 Nd7 11. d5 Ncxe5 12. dxe6 Nxf3+ 13. Qxf3 fxe6 14. Bxe6+ Kh8
15. Qh3 Nf6 16. Bg5 Bxe6 17. Qxe6 Qd6 18. Rfe1 Rae8 19. Bxf6 gxf6 20. Qe4 Qb8
21. Qf3 f5 22. g3 f4 23. g4 Bf6 24. Kg2 b5 25. Rxe8 Qxe8 26. Rd1 1-0

[Event "Moscow Open A 2016"]
[Site "Moscow RUS"]
[Date "2016.02.03"]
[Round "5.76"]
[White "Kalinin, Nikita"]
[Black "Tolstikh, Nikolay"]
[Result "1/2-1/2"]
[BlackTitle "IM"]
[WhiteElo "2200"]
[BlackElo "2332"]
[WhiteFideId "24155390"]
[BlackFideId "4106350"]
[EventDate "2016.01.30"]

1. b3 e5 2. Bb2 Nc6 3. e3 g6 4. g3 Bg7 5. Bg2 Nge7 6. Ne2 d5 7. O-O Be6 8. d4
Qd7 9. h4 Bh3 10. Bxh3 Qxh3 11. dxe5 Nxe5 12. Nf4 Qf5 13. Nd3 f6 14. Nc3 O-O-O
15. Nb5 N7c6 16. Nd4 Nxd4 17. exd4 Nxd3 18. Qxd3 Qxd3 19. cxd3 f5 20. f4 Kd7 21.
Rac1 Rhe8 22. Kf2 Re6 23. Rfe1 Rde8 24. Rxe6 Rxe6 25. Rc2 Ra6 26. a3 Rb6 27. b4
a5 28. Bc3 axb4 29. axb4 h5 30. Ke3 Bf8 31. Rb2 Kc6 32. Kd2 Kb5 33. Kc2 Re6 34.
Kd2 Ra6 35. Rb1 Ra2+ 36. Ke3 Ra4 37. Kd2 Ra2+ 38. Ke3 Rg2 39. Be1 Rc2 40. Ra1 b6
41. Ra8 Bxb4 42. Bxb4 Kxb4 43. Rg8 Rc6 44. Kd2 Re6 45. Rc8 c6 46. Rc7 Kb5 47.
Rc8 c5 48. dxc5 bxc5 49. Rb8+ Rb6 50. Rd8 d4 51. Rc8 Ra6 52. Rb8+ Kc6 53. Rg8
Kd5 54. Rd8+ Rd6 55. Rc8 Rc6 56. Rd8+ Ke6 57. Re8+ Kf7 58. Re5 Kf6 59. Kd1 Re6
60. Rxc5 Re3 61. Rc6+ Kg7 62. Kd2 Rxg3 63. Rd6 Rg2+ 64. Ke1 Rh2 65. Rxd4 Rxh4
66. Kf2 Rg4 67. Kf3 h4 68. Rd8 Rg3+ 69. Kf2 g5 70. fxg5 Kg6 71. d4 f4 72. d5
Rxg5 73. Kf3 h3 74. Rh8 Rxd5 75. Kxf4 Rh5 76. Rxh5 Kxh5 77. Kg3 1/2-1/2

[Event "Moscow Open A 2016"]
[Site "Moscow RUS"]
[Date "2016.02.03"]
[Round "5.77"]
[White "Oganisian, Roman"]
[Black "Salemgareev, Tagir"]
[Result "1-0"]
[WhiteTitle "FM"]
[WhiteElo "2328"]
[BlackElo "2223"]
[WhiteFideId "4153006"]
[BlackFideId "24199052"]
[EventDate "2016.01.30"]

1. d4 Nf6 2. c4 e6 3. Nc3 Bb4 4. Nf3 c5 5. g3 b6 6. Bg2 Bb7 7. d5 O-O 8. O-O d6
9. dxe6 fxe6 10. Nb5 d5 11. Ng5 Qe7 12. Bh3 Bc8 13. a3 Ba5 14. b4 a6 15. cxd5
exd5 16. Bxc8 Rxc8 17. Nc3 cxb4 18. Nxd5 Qb7 19. Nxf6+ gxf6 20. Qb3+ Kh8 21.
Nf7+ Kg7 22. Nd6 Qd7 23. Nxc8 bxa3 24. Nxb6 Qb7 25. Qd5 1-0

[Event "Moscow Open A 2016"]
[Site "Moscow RUS"]
[Date "2016.02.03"]
[Round "5.79"]
[White "Tran, Minh Thang"]
[Black "Kholopov, Alexander A."]
[Result "1-0"]
[WhiteTitle "FM"]
[BlackTitle "FM"]
[WhiteElo "2156"]
[BlackElo "2325"]
[WhiteFideId "12401080"]
[BlackFideId "4148100"]
[EventDate "2016.01.30"]

1. d4 Nf6 2. Nf3 g6 3. g3 Bg7 4. Bg2 O-O 5. O-O d6 6. c4 Nbd7 7. Nc3 e5 8. e4 c6
9. b3 exd4 10. Nxd4 Nc5 11. h3 Re8 12. Re1 a5 13. Rb1 Nfd7 14. Be3 Ne5 15. Qc2
a4 16. Red1 axb3 17. axb3 Qe7 18. f4 Ned7 19. Bf2 Nf8 20. b4 Na6 21. Qd3 f5 22.
Nde2 Nc7 23. Qxd6 Qxd6 24. Rxd6 fxe4 25. Bb6 Ra3 26. Nxe4 Bxh3 27. Bxh3 Rxe4 28.
Kf1 Ne8 29. Rd8 Nf6 30. Re1 h5 31. Bc5 Ng4 32. Bxg4 hxg4 33. Nd4 Rxe1+ 34. Kxe1
Kf7 35. Rb8 Bxd4 36. Rxb7+ Ke6 37. Bxd4 Rxg3 38. Rc7 Rb3 39. Rxc6+ Kf5 40. Rf6+
Ke4 41. Ba7 Ra3 42. Rxf8 Rxa7 43. Kf2 Ra3 44. b5 1-0

[Event "Moscow Open A 2016"]
[Site "Moscow RUS"]
[Date "2016.02.03"]
[Round "5.80"]
[White "Savenkov, Konstantin"]
[Black "Hadzimanolis, Antonios"]
[Result "1-0"]
[WhiteTitle "FM"]
[BlackTitle "FM"]
[WhiteElo "2325"]
[BlackElo "2219"]
[WhiteFideId "4138600"]
[BlackFideId "4202813"]
[EventDate "2016.01.30"]

1. e4 e5 2. Nf3 Nc6 3. Bc4 Nf6 4. Ng5 d5 5. exd5 Na5 6. Bb5+ c6 7. dxc6 bxc6 8.
Bd3 h6 9. Ne4 Nd5 10. O-O Be7 11. Re1 O-O 12. Ng3 Qc7 13. Bf5 g6 14. Bxc8 Raxc8
15. d3 Kh7 16. Nd2 c5 17. Nf3 Bf6 18. Bd2 Nb7 19. Nf1 Bg7 20. Ne3 Ne7 21. c3
Rcd8 22. Qc2 Qd7 23. Nc4 Nc6 24. Re3 f6 25. Rd1 Qf7 26. Qa4 Ne7 27. Bc1 Nf5 28.
Ree1 Nbd6 29. Nfd2 Qb7 30. Ne4 Nxe4 31. dxe4 Ne7 32. f3 f5 33. exf5 Nxf5 34.
Nxe5 Rxd1 35. Qxd1 Qa6 36. a3 c4 37. Ng4 h5 38. Nf2 Qb6 39. Qe2 Rc8 40. Kh1 Rc6
41. Nh3 Bf6 42. Qe8 Ng7 43. Qf7 Qd8 44. Qxa7 Bh4 45. Re4 Rc7 46. Qb6 Nf5 47. Bg5
Qd1+ 48. Qg1 Qxg1+ 49. Kxg1 Bxg5 50. Nxg5+ Kh6 51. f4 h4 52. Nf3 Kh5 53. Ne5 Re7
54. Rxc4 g5 55. Rc5 gxf4 56. Nc6 1-0

[Event "Moscow Open A 2016"]
[Site "Moscow RUS"]
[Date "2016.02.03"]
[Round "5.81"]
[White "Rychkov, Oleg"]
[Black "Tugarin, Anton"]
[Result "1-0"]
[WhiteTitle "FM"]
[WhiteElo "2323"]
[BlackElo "2214"]
[WhiteFideId "4122852"]
[BlackFideId "24151246"]
[EventDate "2016.01.30"]

1. e4 e6 2. d4 d5 3. Nd2 Be7 4. Bd3 c5 5. c3 cxd4 6. cxd4 dxe4 7. Nxe4 Nf6 8.
Nf3 Nc6 9. a3 O-O 10. Nc3 b6 11. O-O Bb7 12. Re1 Rc8 13. Bc2 Rc7 14. Be3 Nd5 15.
Qd3 g6 16. Nxd5 Qxd5 17. Bf4 Rd7 18. Bb3 Qh5 19. Ba4 a6 20. Bxc6 Bxc6 21. Ne5
Bb5 22. Qe3 Rd6 23. a4 Bc6 24. Rac1 Bd5 25. Rc7 Bd8 26. Ra7 g5 27. Bg3 f6 28.
Qa3 Rc6 29. Nxc6 Bxc6 30. Qd6 Bd5 31. Qd7 Qg6 32. Bc7 Bxc7 33. Rxc7 g4 34. Rec1
Rf7 35. Qe8+ Rf8 36. Qxg6+ hxg6 37. Ra7 a5 38. Rcc7 Rb8 39. Rg7+ Kf8 40. Raf7+
Ke8 41. Rxf6 Rc8 42. Rg8+ Ke7 43. Rxc8 Kxf6 44. Rb8 1-0

[Event "Moscow Open A 2016"]
[Site "Moscow RUS"]
[Date "2016.02.03"]
[Round "5.82"]
[White "Taalaibekov, Tagir"]
[Black "Krylov, Ivan"]
[Result "1-0"]
[BlackTitle "FM"]
[WhiteElo "2181"]
[BlackElo "2322"]
[WhiteFideId "13801163"]
[BlackFideId "24128066"]
[EventDate "2016.01.30"]

1. d4 Nf6 2. g3 d5 3. Bg2 e6 4. Nf3 b5 5. O-O Bb7 6. Qd3 a6 7. c3 Nbd7 8. Nbd2
c5 9. Re1 Be7 10. Nf1 O-O 11. h4 Rc8 12. N1h2 Qb6 13. Bg5 h6 14. Bf4 b4 15. g4
Ne4 16. Rac1 a5 17. g5 h5 18. Ne5 Nxe5 19. Bxe5 cxd4 20. Bxd4 Bc5 21. Nf3 Nxf2
22. Kxf2 bxc3 23. bxc3 Ba6 24. Qe3 Bxd4 25. cxd4 Qb2 26. Rxc8 Rxc8 27. g6 1-0

[Event "Moscow Open A 2016"]
[Site "Moscow RUS"]
[Date "2016.02.03"]
[Round "5.83"]
[White "Derevianchenko, Ilia"]
[Black "Allajov, Ramil"]
[Result "1/2-1/2"]
[WhiteElo "2316"]
[BlackElo "2186"]
[WhiteFideId "14104709"]
[BlackFideId "13402447"]
[EventDate "2016.01.30"]

1. e4 e6 2. d4 d5 3. exd5 exd5 4. Bd3 Bd6 5. Qf3 Nf6 6. Bg5 Be7 7. Nc3 c6 8.
Nge2 O-O 9. h3 Re8 10. Bf4 b6 11. O-O Ba6 12. g4 Bxd3 13. Qxd3 Bd6 14. Bg5 Nbd7
15. Ng3 Qc7 16. Nf5 Ne4 17. Nxe4 Rxe4 18. c4 Rae8 19. cxd5 c5 20. Rac1 g6 21.
Ne3 f6 22. Bh6 Rxd4 23. Qxd4 cxd4 24. Rxc7 Bxc7 25. Nc2 d3 26. Nd4 Be5 27. Be3
Nc5 28. Rd1 Rd8 29. Nc6 Rd7 30. Bxc5 bxc5 31. Nxe5 fxe5 32. Rxd3 Kf7 33. Kf1 Ke7
34. Ke2 Kd6 35. Ke3 Rb7 36. Rd2 Rb4 37. a3 Rf4 38. f3 a5 39. h4 h5 40. Rg2 Kxd5
41. Rd2+ Rd4 42. b3 Rxd2 1/2-1/2

[Event "Moscow Open A 2016"]
[Site "Moscow RUS"]
[Date "2016.02.03"]
[Round "5.84"]
[White "Loginov, Anton"]
[Black "Bryakin, Mikhail"]
[Result "1/2-1/2"]
[BlackTitle "FM"]
[WhiteElo "2149"]
[BlackElo "2315"]
[WhiteFideId "4125134"]
[BlackFideId "4165314"]
[EventDate "2016.01.30"]

1. d4 d5 2. c4 c6 3. Nf3 Nf6 4. e3 e6 5. Nbd2 Nbd7 6. b3 Be7 7. Bd3 b6 8. O-O
Bb7 9. Bb2 O-O 10. Qc2 h6 11. Ne5 Nxe5 12. dxe5 Nd7 13. Rad1 Rc8 14. Nf3 Qc7 15.
Qe2 c5 16. cxd5 Bxd5 17. Bb1 Rfd8 18. Qc2 Nf8 19. Nd2 Bb7 20. f4 Ba6 21. Nc4
Rxd1 22. Rxd1 Rd8 23. Rxd8 Qxd8 24. Qd3 Qxd3 25. Bxd3 Bb7 26. Nd6 Bxd6 27. exd6
f5 28. Bb5 Bc8 29. a4 Bd7 30. h3 Kf7 31. Kf2 a5 32. Bc4 Bc6 33. g4 g6 34. gxf5
gxf5 35. Kg3 Ng6 36. Be2 Kg8 37. Bh5 Nf8 38. Bf3 Bd5 39. Bh5 Bc6 40. Kh4 c4 41.
Bd1 cxb3 42. Bxb3 b5 43. axb5 Bxb5 44. Kg3 Kh7 45. h4 a4 46. Bd1 Kg6 47. Kf2 Nd7
48. Bd4 Nf6 49. Ke1 Ne4 50. Be5 Kf7 51. Bc2 Ng3 52. Kd1 Ke8 53. Kc1 Kd7 54. Kb2
Bc6 55. Bg7 h5 56. Bf8 Nf1 57. Bd1 Nxe3 58. Bxh5 Ng2 59. Ka3 Nxh4 60. Kb4 a3 61.
Kxa3 Ng2 62. Bh6 Kxd6 63. Kb4 Be4 64. Kc4 Ne3+ 65. Kd4 Nc2+ 66. Kc3 Kd5 67. Bg7
Ne3 68. Be2 Bb1 69. Bf3+ Be4 70. Kd2 Nc4+ 71. Ke2 Bxf3+ 72. Kxf3 Nd6 73. Ba1 Kc4
74. Ke3 Nb5 75. Bb2 Nc3 76. Ba1 Nd5+ 77. Kf3 Kd3 78. Be5 Nb4 79. Bd6 Nc6 80. Kg3
Ke4 81. Kh4 Nd8 82. Bc7 Nc6 83. Bd6 Nd4 84. Kg5 Kd5 85. Bb8 Nc6 86. Bc7 Nb4 87.
Kf6 Nd3 88. Bb8 Nc5 89. Ke7 Ne4 90. Bc7 Nc3 91. Be5 Ne2 92. Bb8 Ng1 93. Kf6 Nh3
94. Bc7 Nf2 95. Bb8 Ng4+ 96. Ke7 Nf2 97. Kf6 Nd3 98. Kg5 Nc5 99. Bc7 Kc6 100.
Bb8 Nd7 101. Ba7 Kd5 102. Kg6 Ke4 103. Kf7 e5 104. Ke7 Nf8 105. Kxf8 Kxf4 106.
Kf7 Kg4 107. Ke6 e4 108. Ke5 1/2-1/2

[Event "Moscow Open A 2016"]
[Site "Moscow RUS"]
[Date "2016.02.03"]
[Round "5.85"]
[White "Makoveev, Ilya"]
[Black "Pirverdiyev, Agil"]
[Result "0-1"]
[WhiteElo "2148"]
[BlackElo "2311"]
[WhiteFideId "34155748"]
[BlackFideId "13400568"]
[EventDate "2016.01.30"]

1. e4 c5 2. Nf3 d6 3. d4 cxd4 4. Nxd4 Nf6 5. f3 e5 6. Nb3 Be6 7. c4 a5 8. Be3 a4
9. N3d2 Qa5 10. Nc3 Be7 11. Be2 O-O 12. O-O Rc8 13. Rc1 Nbd7 14. Nb5 Bd8 15.
Nxd6 Bb6 16. Bf2 Rc6 17. Nf5 Bxf5 18. exf5 Rd6 19. Rc2 Bxf2+ 20. Rxf2 e4 21.
fxe4 Nxe4 22. Bf3 Nxf2 23. Kxf2 Qxf5 24. Kg1 Re8 25. Bd5 Nf6 26. Nf1 Nxd5 27.
cxd5 Rxd5 28. Qc1 h6 29. Rf2 Qe6 30. Qc2 b5 31. h3 Re5 32. Qd3 Qb6 33. Qf3 Re2
34. Qxf7+ Kh8 35. Ng3 Rxf2 36. Qxf2 Re1+ 37. Nf1 Qxf2+ 38. Kxf2 Rb1 39. b3 a3
40. Nd2 Rb2 41. Ke3 Rxa2 42. Nb1 b4 43. Kd3 Rb2 44. Nd2 Rxd2+ 45. Kxd2 a2 0-1